[Event "SVK-ch U14"]
[Site "Tatralandia"]
[Date "2024.04.12"]
[Round "9"]
[White "Dalak, Teodor"]
[Black "Sabo, Michal"]
[Result "0-1"]
[WhiteElo "1050"]
[BlackElo "1000"]
[PlyCount "72"]
[EventDate "2024.04.05"]
[EventType "swiss"]
[EventRounds "9"]
[EventCountry "SVK"]
[SourceTitle "CBM 219 Extra"]
[Source "ChessBase"]
[SourceDate "2024.05.31"]
[SourceVersion "1"]
[SourceVersionDate "2024.05.31"]
[SourceQuality "1"]

1. d4 d5 2. c4 dxc4 3. e3 b5 4. a4 Ba6 5. g3 Nf6 6. Bg2 c6 7. Nc3 e6 8. axb5 Bb7 9. Nge2 Nd5 10. 0-0 cxb5 11. Nxb5 Ba6 12. Nbc3 Bb7 13. Qa4+ Qd7 14. Qxc4 Qc6 15. Qxc6+ Bxc6 16. e4 Nxc3 17. Nxc3 Bb4 18. Bd2 Bxc3 19. Bxc3 0-0 20. Rac1 Nd7 21. Bb4 Rfc8 22. Rc3 Bb5 23. Rfc1 Rxc3 24. Rxc3 Nb6 25. e5 Rc8 26. Rb3 Rc1+ 27. Bf1 Rxf1+ 28. Kg2 Rd1 29. Rc3 h6 30. Rb3 Rd3 31. Rxd3 Bxd3 32. Kf3 Nd5 33. Bc5 a6 34. b4 f6 35. exf6 gxf6 36. Kg4 Kg7 0-1

[Event "SVK-ch U14"]
[Site "Tatralandia"]
[Date "2024.04.07"]
[Round "3"]
[White "Foldesi, Marek1"]
[Black "Sabo, Michal"]
[Result "1-0"]
[WhiteElo "1528"]
[BlackElo "1000"]
[PlyCount "97"]
[EventDate "2024.04.05"]
[EventType "swiss"]
[EventRounds "9"]
[EventCountry "SVK"]
[SourceTitle "CBM 219 Extra"]
[Source "ChessBase"]
[SourceDate "2024.05.31"]
[SourceVersion "1"]
[SourceVersionDate "2024.05.31"]
[SourceQuality "1"]

1. e4 e5 2. Bc4 Nf6 3. d4 exd4 4. Qxd4 Bc5 5. Qxc5 Nxe4 6. Qe3 d5 7. Bd3 Qe7 8. Bxe4 Qxe4 9. Qxe4+ dxe4 10. f3 f5 11. Bf4 Nc6 12. Bxc7 Nd4 13. Na3 0-0 14. 0-0-0 exf3 15. Nxf3 Ne6 16. Be5 h6 17. Nb5 Rf7 18. Nd6 Rd7 19. Nxc8 Rxd1+ 20. Rxd1 Rxc8 21. Rd7 g5 22. Rxb7 g4 23. Nd2 Rc5 24. Bf6 Rc7 25. Rxc7 Nxc7 26. c4 Kf7 27. Be5 Na6 28. Bd4 Nb4 29. Bxa7 Nxa2+ 30. Kc2 Nb4+ 31. Kc3 Nc6 32. Be3 h5 33. c5 Ke6 34. Kc4 Ke5 35. Kb5 Kd5 36. Kb6 Nb4 37. Nb3 Nc6 38. Na5 Nxa5 39. Kxa5 Kc6 40. Ka6 h4 41. b4 h3 42. gxh3 gxh3 43. b5+ Kc7 44. b6+ Kb8 45. b7 Kc7 46. Bf4+ Kc6 47. b8Q Kxc5 48. Qb5+ Kd4 49. Qxf5 1-0